000 00470nam a2200181Ia 4500
008 180207s9999 xx 000 0 und d
020 _a395368952
050 _bL642 1986
100 _aLester, Helen
245 2 _aA porcupine named Fluffy /
245 _cHelen Lester ; illustrated by Lynn Munsinger.
260 _aBoston :
260 _bHoughton Mifflin Company,
260 _c1986
300 _aunpaged :
300 _bcolor illustration ;
300 _c23cm.
999 _c355426
_d355426